000 00476nam a2200205Ia 4500
005 20250425161135.0
008 250425s9999 xx 000 0 und d
020 _a013338327X
041 _aeng
082 _a621.042
100 _aTHUMANN, ALBERT
245 0 _aFUNDAMENTALS OF ENERGY ENGINEERING
250 _aS.E.
260 _aATLANTA
260 _aEstados Unidos
_bFAIRMONT PRESS
_c1984
300 _a446
650 _aENERGIA
942 _c01
010 _a13602
999 _c203239
_d203239